000 00606nam a2200253Ia 4500
005 20250425162329.0
008 250425s9999 xx 000 0 und d
020 _a9588227054
041 _aspa
082 _a158.4
100 _aLOPERA GUTIERREZ, JAIME
245 0 _aLA CULPA ES DE LA VACA
250 _a1A ED.
260 _aBOGOTA
260 _aColombia
_bINTERMEDIO
_c2002
300 _a246
650 _aAPRENDIZAJE
650 _aLIDERAZGO
650 _aPSICOLOGIA
650 _aPSICOLOGIA DE LA ENSEƑANZA
700 _aBERNAL TRUJILLO, MARTA INES
942 _c01
010 _a62927
999 _c227032
_d227032